000
00241 a2200097 4500
245
_a
Biological physics
_h
print
100
_a
D.S White
650
_a
BIOLOGY
005
20191017173541.0
260
_a
nyu
_b
American Institute of Physics
_c
c1974
084
_a
QH505 .B4665 1993
999
_c
10412
_d
10412